Normal view
MARC view
- Stull,Andrew t
Entry Personal Name
001 - CONTROL NUMBER
- control field: 37058
003 - CONTROL NUMBER IDENTIFIER
- control field: NUST
005 - DATE AND TIME OF LATEST TRANSACTION
- control field: 20210314130156.0
008 - FIXED-LENGTH DATA ELEMENTS
- fixed length control field: 210314|| aca||aabn | a|a d
040 ## - CATALOGING SOURCE
- Original cataloging agency: NUST
- Transcribing agency: NUST
100 ## - HEADING--PERSONAL NAME
- Personal name: Stull,Andrew t
670 ## - SOURCE DATA FOUND
- Source citation: Work cat.: (NUST): Stull,Andrew t., Psychology on the internet 1999-2000, 2000
